| 000 | 00536nam a22001817a 4500 | ||
|---|---|---|---|
| 003 | CEME | ||
| 005 | 20210628204049.0 | ||
| 008 | 210107b xxu||||| |||| 00| 0 eng d | ||
| 020 | _a9780470743973 | ||
| 040 | _cceme | ||
| 082 | _a005.741 TSI | ||
| 100 |
_aTsiptsis, Konstantinos , Chorianopoulos, Antonios _968535 |
||
| 245 | _aData mining techniques in crm , inside customer segmentation | ||
| 260 |
_aUK _bJOHN WILEY & SONS _c2009 |
||
| 300 | _aXI, 357P | ||
| 650 |
_aDATA MINING TECHNIQUES.DATA MINING _968536 |
||
| 942 |
_cBK _2ddc |
||
| 999 |
_c576087 _d576087 |
||